<?xml version="1.0" encoding="UTF-8"?>
<record
    xmlns:xsi="http://www.w3.org/2001/XMLSchema-instance"
    xsi:schemaLocation="http://www.loc.gov/MARC21/slim http://www.loc.gov/standards/marcxml/schema/MARC21slim.xsd"
    xmlns="http://www.loc.gov/MARC21/slim">

  <leader>01176nam0a2200289   4500</leader>
  <controlfield tag="001">RU\NLR\bibl\63702</controlfield>
  <controlfield tag="005">20250616092504.0</controlfield>
  <datafield tag="021" ind1=" " ind2=" ">
    <subfield code="a">RU</subfield>
    <subfield code="b">99-34891</subfield>
    <subfield code="9">1713</subfield>
  </datafield>
  <datafield tag="035" ind1=" " ind2=" ">
    <subfield code="a">(NLR Aleph) 000062165</subfield>
  </datafield>
  <datafield tag="090" ind1=" " ind2=" ">
    <subfield code="a">339177</subfield>
    <subfield code="c">339177</subfield>
  </datafield>
  <datafield tag="100" ind1=" " ind2=" ">
    <subfield code="a">19991215d1999    |||y0rusy50      ca</subfield>
  </datafield>
  <datafield tag="101" ind1="0" ind2=" ">
    <subfield code="a">rus</subfield>
  </datafield>
  <datafield tag="102" ind1=" " ind2=" ">
    <subfield code="a">RU</subfield>
  </datafield>
  <datafield tag="105" ind1=" " ind2=" ">
    <subfield code="a">y   |||||||||</subfield>
  </datafield>
  <datafield tag="200" ind1="1" ind2=" ">
    <subfield code="a">&#x417;&#x430;&#x432;&#x430;&#x43B;</subfield>
    <subfield code="e">&#x41F;&#x43E;&#x432;&#x435;&#x441;&#x442;&#x44C;. &#x421;&#x43A;&#x430;&#x437;&#x44B;</subfield>
    <subfield code="f">&#x413;&#x430;&#x43B;&#x438;&#x43C; &#x421;&#x443;&#x43B;&#x435;&#x439;&#x43C;&#x430;&#x43D;&#x43E;&#x432;</subfield>
  </datafield>
  <datafield tag="210" ind1=" " ind2=" ">
    <subfield code="a">&#x41F;&#x435;&#x440;&#x43C;&#x44C;</subfield>
    <subfield code="c">&#x412;&#x441;&#x44F; &#x41F;&#x435;&#x440;&#x43C;&#x44C;</subfield>
    <subfield code="d">1999</subfield>
  </datafield>
  <datafield tag="215" ind1=" " ind2=" ">
    <subfield code="a">180, [1] c.</subfield>
    <subfield code="d">21</subfield>
  </datafield>
  <datafield tag="327" ind1="1" ind2=" ">
    <subfield code="a">&#x421;&#x43E;&#x434;&#x435;&#x440;&#x436;.: &#x417;&#x430;&#x432;&#x430;&#x43B;: &#x41F;&#x43E;&#x432;&#x435;&#x441;&#x442;&#x44C;; &#x428;&#x430;&#x445;&#x442;&#x435;&#x440;&#x441;&#x43A;&#x438;&#x435; &#x441;&#x43A;&#x430;&#x437;&#x44B;: &#x421;&#x442;&#x430;&#x440;&#x438;&#x43A; &#x422;&#x43E;&#x447;&#x438;&#x43B;&#x43E;; &#x411;&#x435;&#x440;&#x435;&#x437;&#x43E;&#x432;&#x44B;&#x435; &#x440;&#x435;&#x43B;&#x44C;&#x441;&#x44B;; &#x41A;&#x43E;&#x442; &#x432; &#x437;&#x430;&#x431;&#x43E;&#x435;; &#x411;&#x435;&#x440;&#x435;&#x437;&#x43A;&#x438; &#x43D;&#x430; &#x442;&#x435;&#x440;&#x440;&#x438;&#x43A;&#x43E;&#x43D;&#x435;; &#x41A;&#x43E;&#x43D;&#x43E;&#x43F;&#x43B;&#x44F;&#x43D;&#x43E;&#x435; &#x437;&#x435;&#x440;&#x43D;&#x44B;&#x448;&#x43A;&#x43E;; &#x410;&#x43D;&#x442;&#x43E;&#x43D;&#x43E;&#x432; &#x433;&#x430;&#x437;&#x43E;&#x43C;&#x435;&#x440;; &#x413;&#x43E;&#x440;&#x43D;&#x44B;&#x439; &#x433;&#x440;&#x438;&#x431;</subfield>
  </datafield>
  <datafield tag="686" ind1=" " ind2=" ">
    <subfield code="a">&#x428;6(2=&#x420;)75-44</subfield>
  </datafield>
  <datafield tag="700" ind1=" " ind2="1">
    <subfield code="a">&#x421;&#x443;&#x43B;&#x435;&#x439;&#x43C;&#x430;&#x43D;&#x43E;&#x432;</subfield>
    <subfield code="b">&#x413;. &#x418;.</subfield>
    <subfield code="f">1928-</subfield>
    <subfield code="g">&#x413;&#x430;&#x43B;&#x438;&#x43C; &#x418;&#x431;&#x440;&#x430;&#x433;&#x438;&#x43C;&#x43E;&#x432;&#x438;&#x447;</subfield>
    <subfield code="4">070</subfield>
  </datafield>
  <datafield tag="801" ind1=" " ind2="0">
    <subfield code="a">RU</subfield>
    <subfield code="b">NLR</subfield>
    <subfield code="c">19991215</subfield>
    <subfield code="g">PSBO</subfield>
  </datafield>
  <datafield tag="801" ind1=" " ind2="1">
    <subfield code="a">RU</subfield>
    <subfield code="b">NLR</subfield>
    <subfield code="c">19991215</subfield>
  </datafield>
  <datafield tag="852" ind1=" " ind2=" ">
    <subfield code="a">NLR</subfield>
    <subfield code="j">99-5/4137</subfield>
  </datafield>
  <datafield tag="942" ind1=" " ind2=" ">
    <subfield code="c">BOOK</subfield>
  </datafield>
  <datafield tag="980" ind1=" " ind2=" ">
    <subfield code="a">NB</subfield>
  </datafield>
  <datafield tag="995" ind1=" " ind2=" ">
    <subfield code="5">2013-10-26</subfield>
    <subfield code="b">NLR01</subfield>
    <subfield code="c">NLR01</subfield>
    <subfield code="e">RF8</subfield>
    <subfield code="f">62165-10</subfield>
    <subfield code="k">99-5/4137</subfield>
    <subfield code="o">0</subfield>
    <subfield code="r">BOOK</subfield>
    <subfield code="s">9954137_</subfield>
  </datafield>
</record>
